00571nam a2200241Ia 4500008004000000020001500040041000800055082001500063100002300078245007200101260002900173300001300202650000800215650000700223650001400230650001600244650001200260650000900272650001100281650001700292650001300309650000700322210210b2006 xxu||||| |||| 00| 0 eng d a184511115X aeng a281.8 BAUC aBAUMER (Christoph) aChurch of the EastbAn illustrated history of Assyrian christianity aLondonbI B Taurisc2006 aviii,328 athe aof aMar Thoma aillustrated ahistory aeast aChurch achristianity aAssyrian aAn